000
00225nam a22000857a 4500
008
170614b xxu||||| |||| 00| 0 eng d
100
_9
3420
_a
Vijaya. S.R
245
_a
General Knowledge times - 6
260
_a
New Delhi
_b
G. B. P
_c
2009
999
_c
6787
_d
6787